000 00485nam a2200181Ia 4500
003 OSt
005 20220519091929.0
008 211109s9999||||xx |||||||||||||| ||und||
040 _cSBCL
082 _a894.8121
_bSIV-S
100 _aSivaraman Nair,
245 0 _aSakunthalopa Vyakyanavum Subdhraroharanam
260 _bNational Book Stall
_aKottayam
_c1930
300 _a99p.
630 _xGeneral Stack
650 _aLiteratures of other languages
_vMalayalam Poetry
942 _cBOOK
999 _c5522
_d5522